| 000 | 01728nam2a22003011 4500 | ||
|---|---|---|---|
| 001 | rc\4456414 | ||
| 005 | 20260408083216.0 | ||
| 021 |
_aRU _b[62-10215] |
||
| 035 | _a(NLR Aleph) 008590125 | ||
| 090 |
_a8638775 _c8638775 |
||
| 100 | _a20130416d1962 |||y0rusy50 ca | ||
| 101 | 0 | _arus | |
| 102 | _aRU | ||
| 105 | _ay z ||||| | ||
| 200 | 1 |
_a1917-1939 годы _f[Авт. глав: Богуш Е.Ю., Шеверда Л.А., Ефимова А.Л. и др.] |
|
| 210 |
_d1962 _aБ. м. |
||
| 215 |
_a637 с. _d22 |
||
| 461 | 0 |
_1001rc\4456412 _12001#$aИстория международного рабочего и национально-освободительного движения$eУчеб. пособие$f[Отв. ред. Н.Д. Боголюбов и В.П. Рыжкова]. Ч. 1-$gВысш. парт. школа при ЦК КПСС. Кафедра истории междунар. рабочего и нац.-освободит. движения$vЧ. 2 _98638765 _cМосква _d1959 _f[Отв. ред. Н.Д. Боголюбов и В.П. Рыжкова]. Ч. 1- _nИзд-во ВПШ и АОН _oУчеб. пособие _tИстория международного рабочего и национально-освободительного движения _vЧ. 2 |
|
| 701 | 1 |
_aШеверда _bЛ.А. |
|
| 701 | 1 |
_4070 _7ca _8rus _aЕфимова _bА. Л. _cканд. ист. наук _gАнна Львовна _9265900 _3RU\NLR\AUTH\770265956 |
|
| 701 | 1 |
_aБогуш _bЕ.Ю. |
|
| 712 | 0 | 2 |
_aВысшая партийная школа _cМосква _3RU\NLR\AUTH\8810166024 _9828049 |
| 801 | 0 |
_aRU _bNLR _gpsbo |
|
| 801 | 1 |
_aRU _bELAR _2rusmarc |
|
| 852 |
_aNLR _j59-5/4527 |
||
| 942 | _cBOOK | ||
| 980 | _aNB | ||